000 01813cam a22004574i 4500
003 PE-LiUPU
005 20250731184543.0
008 150623s1995 xxk r 000 0 eng d
035 _a(Sirsi) a27356
040 _aPE-LiUPU
_bspa
_cPE-LiUPU
_dPE-LiUPU
_erda
049 _aPRUA
082 0 4 _a915.694
_bE34
_221
245 0 0 _aExcavations by K.M. Kenyon in Jerusalem 1961-1967 /
_cEditor, Itzhak Eshel.
264 1 _aOxford :
_bThe british school of archaeology in Jerusalem,
_c1995.
300 _a278 páginas :
_bilustraciones ;
_c30 centímetros,
336 _atext
_2rdacontent
337 _aunmediated
_2rdamedia
338 _avolume
_2rdacarrier
490 0 _aBritish Academy Monographs in Archaeology ;
_v6
505 0 _aHistory of research and general background -- The architecture of the cave structure and their stratigraphical setting -- The functional character of the two Jerusalem groups from caves I and II -- The morphological classification of the pottery groups in caves I and II.
526 _aP136
526 _aP135
526 _aP134
526 _aP133
526 _aP144
526 _aP143
526 _aP87
526 _aP35
526 _aP20
526 _aP14
526 _aP10
526 _aP06
650 0 4 _aEscavaciones
_zJerusalem, 1961-1967.
651 _aJerusalem.
700 1 _aEshel, Itzhak,
_eeditor.
942 _2ddc
_cBOOK
949 _a915.694 E34
_wDEWEY
_c1
_i52633
_lCCODEBUL1
_mBUL
_p30.00
_r0
_sY
_tBOOK
_u2015-06-24
_xTEOLOGIA
_PP35
_0COMPRA
_o.STAFF. Colección Teología
596 _a1
999 _a915.694 E34
_wDEWEY
_c34487
_i52633
_f2021-11-11
_g3
_lCCODEBUL1
_mBUL
_p30.00
_r0
_sY
_tBOOK
_u2015-6-24
_xTEOLOGIA
_PP35
_0COMPRA
_o.STAFF. Colección Teología
_d34487
980 _81
_gALBERTO SANCHEZ Responsable de Automatización